| 000 | 01166nam a2200265 i 4500 | ||
|---|---|---|---|
| 001 | 190719 | ||
| 003 | ES-MaACL | ||
| 005 | 20251005063143.0 | ||
| 008 | 220520s1978 sp 000 0 spa | ||
| 080 | _a382(46:410)"17/19"(043.2) | ||
| 080 | _a382(410:46)"17/19"(043.2) | ||
| 100 | 1 |
_aNadal i Farreras, Joaquim, _d1948- _9174523 |
|
| 245 | 1 | 4 |
_aLas relaciones comerciales hispano-británicas, 1772 a 1914 / _cpor Joaquín Nadal Farreras. |
| 260 |
_aBarcelona : _bUniversidad de Barcelona, [Facultad de Geografía e Historia], _c1978. |
||
| 300 |
_a20 p. ; _c22 cm. |
||
| 500 | _aTesis-Univ. Barcelona (Extracto) | ||
| 594 | _aPrecede al tít.: Universidad de Barcelona. Secretariado de Publicaciones, Intercambio Científico y Extensión Universitaria | ||
| 651 | 7 |
_aEspaña- _xComercio exterior- _zGran Bretaña _2 _9172049 |
|
| 651 | 7 |
_aGran Bretaña- _xComercio exterior- _zEspaña- _vHistoria. _9172050 |
|
| 655 |
_aTesis y escritos académicos _9226867 |
||
| 710 | 2 |
_aUniversidad de Barcelona. _bFacultad de Geografía e Historia. _9174512 |
|
| 852 | 4 |
_aES-MaACL _jP-1415 (133) _9197901 _bR-68610 _cDEPO2 |
|
| 942 | _2udc | ||
| 999 |
_c190719 _d190719 |
||